000 00472nam a2200157 a 4500
001 000027501
005 20240229073955.0
008 110401s1987 dr a 000 0 spa d
040 _aDO-SdBNP
_bspa
_cNPHU
100 1 _aVega, Bernardo,
_d1938 -
_93222
245 1 0 _aSantos Shamanes y Zemíes /
_cBernardo Vega.
260 _aSanto Domingo :
_bFundación Cultura Dominicana,
_c1987.
300 _a185 p. :
_bil. ;
_c27 cm.
504 _aBibliografía : p. 182
049 _aBNPD
999 _c26993
_d26993